| 000 | 00433nab a2200145 a 4500 | ||
|---|---|---|---|
| 005 | 20210219162401.0 | ||
| 008 | 991125s1985 mx 000 0 spa u | ||
| 035 | _aUPN01000203186 | ||
| 245 | 0 | 0 |
_aALIBLE : _bORGANO DE DIFUSION DE LA UPN UNIDAD 25A |
| 260 |
_aCuliacán, Sinaloa, México _bUniversidad Pedagógica Nacional. Unidad 25A |
||
| 310 | _aMensual | ||
| 653 | 0 | _aEDUCACION BASICA | |
| 905 | _aRevista | ||
| 999 |
_c175287 _d175287 |
||